00419 a2200121 4500001001000000005001700010008004100027245009800068100002600166700002100192773006900213999001500282ART_2576520260410161601.0260409a 10aLas normas internacionales de auditoría, revisión, aseguramiento y servicios relacionados1 aCasal, Armando Miguel1 aWainstein, Mario0 tProfesional & Empresariag- Año VII, Nº 79 (abr. 2006)wREV70 c9731d9731